Top 3 Clean Sheets in the Premier League - 2010s - Statistics

General Stats
  • This quiz has been taken 197 times
  • The average score is 33 of 37
Answer Stats
Hint Clean Sheets Club(s) / Nationality Answer % Correct
2018/19 21 Liverpool / Brazil Alisson
100%
2017/18 18 Manchester United / Spain David de Gea
99%
2016/17 14 Manchester United / Spain David de Gea
99%
2015/16 15 Manchester United / Spain David de Gea
99%
2018/19 20 Manchester City / Brazil Ederson
99%
2017/18 16 Manchester City / Brazil Ederson
99%
2018/19 14 Everton / England Jordan Pickford
99%
2015/16 16 Arsenal / Czech Republic Petr Cech
99%
2013/14 16 Chelsea / Czech Republic Petr Cech
99%
2012/13 14 Chelsea / Czech Republic Petr Cech
99%
2010/11 15 Chelsea / Czech Republic Petr Cech
99%
2009/10 17 Chelsea / Czech Republic Petr Cech
99%
2017/18 15 Tottenham Hotspur / France Hugo Lloris
98%
2016/17 15 Tottenham Hotspur / France Hugo Lloris
98%
2017/18 15 Chelsea / Belgium Thibaut Courtois
98%
2016/17 16 Chelsea / Belgium Thibaut Courtois
98%
2015/16 15 Leicester City / Denmark Kasper Schmeichel
96%
2015/16 15 Manchester City / England Joe Hart
95%
2014/15 14 Manchester City / England Joe Hart
95%
2012/13 18 Manchester City / England Joe Hart
95%
2011/12 17 Manchester City / England Joe Hart
95%
2010/11 18 Manchester City / England Joe Hart
95%
2018/19 14 Chelsea / Spain Kepa Arrizabalaga
93%
2013/14 15 Everton / United States of America Tim Howard
93%
2012/13 14 Liverpool / Spain Pepe Reina
92%
2010/11 14 Liverpool / Spain Pepe Reina
92%
2009/10 17 Liverpool / Spain Pepe Reina
92%
2010/11 14 Manchester United / Netherlands Edwin van der Sar
91%
2014/15 13 Liverpool / Belgium Simon Mignolet
86%
2013/14 16 Arsenal / Poland Wojciech Szczesny
75%
2014/15 13 Swansea City / Poland Lukasz Fabianski
74%
2011/12 15 Newcastle United / Netherlands Tim Krul
68%
2016/17 14 Southampton / England Fraser Forster
63%
2014/15 13 Southampton / England Fraser Forster
63%
2011/12 14 Tottenham Hotspur / United States of America Brad Friedel
62%
2009/10 15 Aston Villa / United States of America Brad Friedel
62%
2011/12 14 Swansea City / Netherlands Michel Vorm
41%
No matching quizzes found
Score Distribution
Percent of People with Each Score
Percentile by Number Answered
Your Score History
You have not taken this quiz